000 00531nam a2200205Ia 4500
005 20260429112141.0
008 260429s9999||||xx |||||||||||||| ||und||
020 _a9781774915264
041 _aEnglish
082 _a664.001
_bNEH
100 _aNehra, Manju
245 0 _aHandbook of industrial food microbiology /
_cManju Nehra
250 _a1st ed.
260 _aUSA :
_bApple Academic Press,
_c2025.
300 _axvi, 245 p.; hb
650 _a Microbiology
650 _aFood
700 _a Nain, Vikash
942 _cTB
999 _c52605
_d52605